JR特急停車駅 - Statistics

General Stats
  • This quiz has been taken 270 times
    35 since last reset
  • The average score is 416 of 701
Answer Stats
Hint Answer % Correct
はやぶさ/はやて 新函館北斗
91%
北斗/すずらん 札幌
91%
ひかり/こだま 豊橋
91%
のぞみ/ひかり/こだま 名古屋
91%
北斗 函館
86%
北斗 大沼公園
86%
カムイ/ライラック 旭川
86%
成田エクスプレス 武蔵小杉
86%
成田エクスプレス 横浜
86%
しおさい | しまんと/あしずり
86%
湘南 藤沢
86%
湘南 茅ヶ崎
86%
ひかり/こだま 小田原
86%
踊り子 川崎
86%
はやぶさ/はやて 木古内
86%
のぞみ/ひかり/こだま 新横浜
86%
こだま 三河安城
86%
北斗 五稜郭
82%
北斗
82%
北斗 長万部
82%
北斗/すずらん 東室蘭
82%
北斗/すずらん 苫小牧
82%
すずらん 千歳
82%
カムイ/ライラック 滝川
82%
宗谷/サロベツ 稚内
82%
こまち 秋田
82%
はやぶさ/はやて 新青森
82%
日光/きぬがわ 新宿
82%
はやぶさ/こまち 上野
82%
のぞみ/ひかり/こだま 品川
82%
のぞみ/ひかり/こだま 東京
82%
成田エクスプレス 戸塚
82%
あずさ/かいじ/富士回遊 八王子
82%
湘南 平塚
82%
ひかり/こだま 熱海
82%
しなの 中津川
82%
ひだ/しらさぎ 岐阜
82%
ひだ 高山
82%
南紀 四日市
82%
南紀
82%
ひかり/こだま 米原
82%
しらさぎ 長浜
82%
らくラクびわこ 草津
82%
らくラクびわこ 大津
82%
ソニック 中津
82%
はやぶさ/はやて 奥津軽いまべつ
82%
はやぶさ/はやて 七戸十和田
82%
はやぶさ/はやて 八戸
82%
やまびこ/つばさ 福島
82%
ひかり/こだま 岐阜羽島
82%
湘南 新橋
82%
北斗/すずらん 新札幌
77%
おおぞら/とかち 帯広
77%
おおぞら 釧路
77%
カムイ/ライラック 岩見沢
77%
オホーツク 北見
77%
オホーツク 網走
77%
宗谷/サロベツ 音威子府
77%
宗谷/サロベツ 南稚内
77%
(スーパー)つがる 弘前
77%
(スーパー)つがる 青森
77%
とき/たにがわ 新潟
77%
いなほ 酒田
77%
しらゆき 直江津
77%
日光/きぬがわ 池袋
77%
はやぶさ/こまち 大宮
77%
日光 東武日光
77%
とき/たにがわ 高崎
77%
草津・四万 新前橋
77%
草津・四万 長野原草津口
77%
ときわ 日暮里
77%
ひたち/ときわ
77%
ひたち/ときわ 水戸
77%
ひたち/ときわ 勝田
77%
はやぶさ/こまち/やまびこ 仙台
77%
成田エクスプレス 成田
77%
成田エクスプレス 千葉
77%
しおさい 銚子
77%
あずさ/かいじ 甲府
77%
あずさ/しなの 塩尻
77%
あずさ/しなの 松本
77%
富士回遊 富士急ハイランド
77%
湘南 辻堂
77%
湘南 二宮
77%
踊り子 湯河原
77%
(サフィール)踊り子 伊東
77%
(サフィール)踊り子 伊豆急下田
77%
ひかり/こだま 三島
77%
ふじさん 御殿場
77%
ひかり/こだま 静岡
77%
ふじかわ 富士
77%
伊那路 飯田
77%
しなの 金山
77%
かがやき/はくたか/あさま 長野
77%
ひだ/しらさぎ 尾張一宮
77%
ひだ 下呂
77%
ひだ 猪谷
77%
かがやき/はくたか/つるぎ 富山
77%
南紀 桑名
77%
南紀 松阪
77%
ひだ/しらさぎ 大垣
77%
かがやき/はくたか/つるぎ 敦賀
77%
のぞみ/ひかり/こだま 京都
77%
かがやき/はくたか/つるぎ 金沢
77%
いしづち/しまんと | 能登かがり火 高松
77%
能登かがり火 和倉温泉
77%
らくラクびわこ 彦根
77%
らくラクびわこ 近江八幡
77%
らくラクびわこ 南草津
77%
らくラクびわこ 山科
77%
やまびこ/つばさ/なすの | らくラクやまと 郡山
77%
くろしお/南紀 新宮
77%
まいづる 西舞鶴
77%
まいづる 東舞鶴
77%
みずほ/さくら/つばめ 熊本
77%
きりしま 鹿児島
77%
みずほ/さくら/つばめ 鹿児島中央
77%
指宿のたまて箱 指宿
77%
はやぶさ/はやて 二戸
77%
はやぶさ/こまち 盛岡
77%
はやぶさ/こまち/やまびこ 新花巻
77%
はやぶさ/こまち/やまびこ 一ノ関
77%
はやぶさ/こまち/やまびこ 古川
77%
やまびこ 白石蔵王
77%
やまびこ/なすの 新白河
77%
やまびこ/なすの 那須塩原
77%
やまびこ/つばさ/なすの 宇都宮
77%
やまびこ/なすの 小山
77%
つばさ 米沢
77%
つばさ かみのやま温泉
77%
つばさ 山形
77%
つばさ さくらんぼ東根
77%
つばさ 新庄
77%
とき/たにがわ 上毛高原
77%
とき/たにがわ 越後湯沢
77%
とき/たにがわ 浦佐
77%
とき/たにがわ 燕三条
77%
あさま 安中榛名
77%
はくたか/あさま 軽井沢
77%
はくたか/あさま 佐久平
77%
はくたか/あさま 上田
77%
はくたか/つるぎ 新高岡
77%
かがやき/はくたか/つるぎ 小松
77%
こだま 新富士
77%
こだま 掛川
77%
さくら/つばめ 新八代
77%
さくら/つばめ 出水
77%
みずほ/さくら/つばめ 川内
77%
かもめ 長崎
77%
サンライズ瀬戸/サンライズ出雲 沼津
77%
北斗 八雲
73%
北斗 洞爺
73%
北斗/すずらん 南千歳
73%
すずらん 室蘭
73%
おおぞら/とかち 新夕張
73%
おおぞら/とかち 新得
73%
いなほ 新発田
73%
いなほ 村上
73%
いなほ 鶴岡
73%
いなほ 羽後本荘
73%
はくたか 上越妙高
73%
しらゆき 柏崎
73%
とき/たにがわ 長岡
73%
きぬがわ 鬼怒川温泉
73%
あかぎ 鴻巣
73%
とき/たにがわ/あさま 熊谷
73%
ときわ 友部
73%
ひたち/ときわ 日立
73%
ひたち いわき
73%
ひたち 岩沼
73%
成田エクスプレス 成田空港
73%
成田エクスプレス 佐倉
73%
成田エクスプレス 渋谷
73%
成田エクスプレス 大船
73%
わかしお 上総一ノ宮
73%
わかしお 安房鴨川
73%
さざなみ 木更津
73%
さざなみ 君津
73%
しおさい/あずさ 錦糸町
73%
あずさ/かいじ/富士回遊 大月
73%
かいじ 竜王
73%
あずさ 小淵沢
73%
あずさ 上諏訪
73%
あずさ 下諏訪
73%
あずさ 岡谷
73%
富士回遊 河口湖
73%
ふじかわ 身延
73%
しなの 千種
73%
しなの 多治見
73%
しなの 篠ノ井
73%
南紀 鈴鹿
73%
南紀 熊野市
73%
サンダーバード 大阪
73%
のぞみ/ひかり/こだま 新大阪
73%
らくラクびわこ 野洲
73%
らくラクはりま 三ノ宮
73%
らくラクはりま 神戸
73%
らくラクはりま 明石
73%
のぞみ/ひかり/こだま 西明石
73%
らくラクはりま 加古川
73%
のぞみ/ひかり/こだま 姫路
73%
らくラクやまと 天王寺
73%
はるか/くろしお 日根野
73%
くろしお 和歌山
73%
くろしお 白浜
73%
こうのとり 福知山
73%
こうのとり/はまかぜ 城崎温泉
73%
きのさき 二条
73%
はしだて 天橋立
73%
はまかぜ 鳥取
73%
スーパーまつかぜ 米子
73%
スーパーまつかぜ 松江
73%
スーパーまつかぜ 出雲市
73%
スーパーまつかぜ 益田
73%
のぞみ/ひかり/こだま 岡山
73%
のぞみ/ひかり/こだま 新山口
73%
しおかぜ/南風 児島
73%
しおかぜ/いしづち 宇多津
73%
しおかぜ/いしづち 多度津
73%
しおかぜ/いしづち 伊予西条
73%
しおかぜ/いしづち 今治
73%
しおかぜ/いしづち 松山
73%
宇和海 宇和島
73%
うずしお/剣山 徳島
73%
南風/しまんと/剣山 阿波池田
73%
南風/しまんと 琴平
73%
南風/しまんと 後免
73%
のぞみ/ひかり/こだま 博多
73%
のぞみ/ひかり/こだま 小倉
73%
みどり/ハウステンボス 鳥栖
73%
さくら/つばめ 新鳥栖
73%
みどり/ハウステンボス 佐賀
73%
みどり 佐世保
73%
ハウステンボス ハウステンボス
73%
ソニック 別府
73%
ソニック/にちりん 大分
73%
ソニック/にちりん 佐伯
73%
みずほ/さくら/つばめ 久留米
73%
にちりん/ひゅうが 宮崎
73%
はやぶさ/はやて いわて沼宮内
73%
はやぶさ/こまち/やまびこ 北上
73%
こまち 田沢湖
73%
こまち 大曲
73%
つばさ 赤湯
73%
つばさ 大石田
73%
はくたか 飯山
73%
はくたか 糸魚川
73%
かがやき/はくたか/つるぎ 加賀温泉
73%
かがやき/はくたか/つるぎ 福井
73%
ひかり/こだま 浜松
73%
のぞみ/ひかり/こだま 新神戸
73%
ひかり/こだま 相生
73%
ひかり/こだま 新倉敷
73%
ひかり/こだま 新尾道
73%
ひかり/こだま 東広島
73%
のぞみ/ひかり/こだま 広島
73%
ひかり/こだま 新岩国
73%
のぞみ/ひかり/こだま 徳山
73%
こだま 厚狭
73%
ひかり/こだま 新下関
73%
さくら/つばめ 新水俣
73%
かもめ 諫早
73%
おおぞら/とかち 追分
68%
おおぞら/とかち トマム
68%
オホーツク 上川
68%
(スーパー)つがる 東能代
68%
(スーパー)つがる 鷹ノ巣
68%
いなほ あつみ温泉
68%
日光/きぬがわ 栃木
68%
あかぎ/草津・四万 赤羽
68%
あかぎ 上尾
68%
あかぎ 本庄
68%
ひたち/ときわ 土浦
68%
ひたち
68%
ひたち 双葉
68%
ひたち 相馬
68%
わかしお 海浜幕張
68%
わかしお/さざなみ 蘇我
68%
わかしお 大網
68%
わかしお | スーパーはくと 大原
68%
わかしお 勝浦
68%
さざなみ 五井
68%
しおさい/あずさ 船橋
68%
あずさ/かいじ/富士回遊 立川
68%
あずさ/かいじ 石和温泉
68%
あずさ 韮崎
68%
富士回遊 富士山
68%
湘南 大崎
68%
湘南 国府津
68%
ふじさん 松田
68%
伊那路 豊川
68%
しなの 恵那
68%
しなの 木曽福島
68%
ひだ 美濃太田
68%
ひだ 越中八尾
68%
南紀 尾鷲
68%
サンダーバード 高槻
68%
サンダーバード 近江今津
68%
能登かがり火 津幡
68%
能登かがり火 七尾
68%
らくラクやまと 奈良
68%
はるか 関西空港
68%
くろしお 海南
68%
くろしお 御坊
68%
くろしお 紀伊田辺
68%
くろしお/南紀 紀伊勝浦
68%
こうのとり/はまかぜ 豊岡
68%
はしだて 宮津
68%
スーパーまつかぜ 倉吉
68%
スーパーまつかぜ 安来
68%
やくも 新見
68%
スーパーおき 山口
68%
いしづち/しまんと 坂出
68%
南風/しまんと 善通寺
68%
南風/しまんと/あしずり 高知
68%
にちりん/ひゅうが 日向市
68%
きりしま 国分
68%
はやぶさ/こまち/やまびこ くりこま高原
68%
こまち 雫石
68%
こまち 角館
68%
つばさ 高畠
68%
つばさ 天童
68%
とき/たにがわ/あさま 本庄早稲田
68%
はくたか 黒部宇奈月温泉
68%
かがやき/はくたか/つるぎ 芦原温泉
68%
のぞみ/ひかり/こだま 福山
68%
ひかり/こだま 三原
68%
さくら/つばめ 新玉名
68%
かもめ 新大村
68%
北斗 伊達紋別
64%
北斗/すずらん 登別
64%
北斗/すずらん 白老
64%
おおぞら/とかち 占冠
64%
おおぞら 白糠
64%
カムイ/ライラック 深川
64%
オホーツク 遠軽
64%
オホーツク 女満別
64%
宗谷/サロベツ 名寄
64%
(スーパー)つがる 大館
64%
(スーパー)つがる 大鰐温泉
64%
しらゆき 新津
64%
日光/きぬがわ 浦和
64%
日光/きぬがわ 下今市
64%
あかぎ 北本
64%
草津・四万 渋川
64%
ときわ 龍ヶ崎市
64%
ときわ 牛久
64%
ときわ 石岡
64%
ひたち/ときわ 高萩
64%
ひたち 湯本
64%
ひたち 原ノ町
64%
成田エクスプレス 四街道
64%
わかしお 茂原
64%
さざなみ 姉ヶ崎
64%
あずさ/かいじ 山梨市
64%
あずさ 信濃大町
64%
(サフィール)踊り子 伊豆高原
64%
(サフィール)踊り子 河津
64%
踊り子 修善寺
64%
ふじかわ 富士宮
64%
伊那路 新城
64%
能登かがり火 羽咋
64%
らくラクびわこ 守山
64%
こうのとり 尼崎
64%
こうのとり 宝塚
64%
きのさき 亀岡
64%
きのさき 園部
64%
きのさき 綾部
64%
スーパーはくと 上郡
64%
スーパーはくと 佐用
64%
スーパーはくと 智頭
64%
スーパーまつかぜ 大田市
64%
スーパーまつかぜ 浜田
64%
やくも 倉敷
64%
しおかぜ/いしづち 丸亀
64%
しおかぜ/いしづち 新居浜
64%
しまんと/あしずり 中村
64%
ソニック/きらめき 黒崎
64%
かもめ/リレーかもめ 武雄温泉
64%
ゆふ/ゆふいんの森 由布院
64%
九州横断特急 阿蘇
64%
きりしま 都城
64%
きりしま 隼人
64%
はやぶさ/こまち/やまびこ 水沢江刺
64%
つばさ 村山
64%
かがやき/はくたか/つるぎ 越前たけふ
64%
さくら/つばめ 筑後船小屋
64%
さくら/つばめ 新大牟田
64%
かもめ 嬉野温泉
64%
おおぞら/とかち 芽室
59%
カムイ/ライラック 美唄
59%
オホーツク 白滝
59%
宗谷/サロベツ 天塩中川
59%
宗谷/サロベツ 豊富
59%
いなほ 坂町
59%
しらゆき 新井
59%
日光/きぬがわ 新鹿沼
59%
きぬがわ 東武ワールドスクウェア
59%
あかぎ 深谷
59%
ときわ 赤塚
59%
ひたち/ときわ 東海
59%
ひたち/ときわ 大甕
59%
ひたち 広野
59%
ひたち 浪江
59%
成田エクスプレス 空港第2ビル
59%
わかしお 土気
59%
しおさい 成東
59%
しおさい 八日市場
59%
あずさ/かいじ 塩山
59%
あずさ 富士見
59%
あずさ 茅野
59%
あずさ 白馬
59%
(サフィール)踊り子 伊豆稲取
59%
伊那路 中部天竜
59%
しなの 南木曽
59%
ひだ 飛騨古川
59%
南紀 多気
59%
らくラクびわこ 石山
59%
らくラクやまと 王寺
59%
くろしお 串本
59%
こうのとり 三田
59%
こうのとり/はまかぜ 和田山
59%
はまかぜ 浜坂
59%
スーパーまつかぜ 伯耆大山
59%
スーパーまつかぜ 宍道
59%
スーパーまつかぜ 江津
59%
やくも 備中高梁
59%
スーパーおき 津和野
59%
しおかぜ/いしづち 観音寺
59%
宇和海 伊予市
59%
南風/しまんと 大歩危
59%
しまんと/あしずり 宿毛
59%
みどり/ハウステンボス 江北
59%
みどり/ハウステンボス 早岐
59%
ソニック 行橋
59%
ソニック 宇佐
59%
九州横断特急 肥後大津
59%
九州横断特急 立野
59%
にちりん/ひゅうが 延岡
59%
にちりん/ひゅうが 南宮崎
59%
にちりん/ひゅうが 宮崎空港
59%
きりしま 霧島神宮
59%
すずらん 沼ノ端
55%
おおぞら/とかち 十勝清水
55%
カムイ/ライラック 砂川
55%
宗谷/サロベツ 士別
55%
つがる 八郎潟
55%
いなほ 仁賀保
55%
しらゆき 高田
55%
ときわ 常陸多賀
55%
わかしお 御宿
55%
富士回遊 都留文科大学前
55%
伊那路 天竜峡
55%
らくラクやまと 八尾
55%
こうのとり 新三田
55%
はまかぜ 香住
55%
スーパーまつかぜ 鳥取大学前
55%
やくも 総社
55%
宇和海 内子
55%
宇和海 八幡浜
55%
うずしお 志度
55%
南風/しまんと 土佐山田
55%
ソニック/きらめき 香椎
55%
ソニック/きらめき 赤間
55%
ソニック/きらめき 折尾
55%
ソニック/きらめき 八幡
55%
きらめき 門司
55%
みどり/ハウステンボス 有田
55%
ソニック 杵築
55%
かいおう 直方
55%
おおぞら 池田
50%
オホーツク 留辺蘂
50%
宗谷/サロベツ 幌延
50%
つがる 碇ヶ関
50%
いなほ 遊佐
50%
しらゆき 東三条
50%
あかぎ 桶川
50%
あかぎ 新町
50%
草津・四万 中之条
50%
ときわ ひたち野うしく
50%
ひたち 亘理
50%
しおさい 八街
50%
しおさい 横芝
50%
ふじさん 駿河小山
50%
ふじかわ 清水
50%
ふじかわ 鰍沢口
50%
しなの 聖高原
50%
ひだ 鵜沼
50%
サンダーバード 堅田
50%
らくラクはりま 網干
50%
らくラクやまと 久宝寺
50%
くろしお 周参見
50%
スーパーはくと 郡家
50%
スーパーまつかぜ 玉造温泉
50%
うずしお 栗林
50%
うずしお オレンジタウン
50%
うずしお 池谷
50%
しまんと/あしずり 窪川
50%
ソニック/きらめき 吉塚
50%
きらめき 門司港
50%
かささぎ 肥前鹿島
50%
ソニック/にちりん 臼杵
50%
ゆふ/ゆふいんの森 日田
50%
九州横断特急 新水前寺
50%
にちりん/ひゅうが 高鍋
50%
すずらん 母恋
45%
すずらん 鷲別
45%
おおぞら 浦幌
45%
宗谷/サロベツ 和寒
45%
いなほ 豊栄
45%
いなほ 余目
45%
しらゆき 加茂
45%
ひたち 勿来
45%
ひたち 富岡
45%
わかしお 安房小湊
45%
あずさ 穂高
45%
ふじかわ 市川大門
45%
ふじかわ 南甲府
45%
伊那路 本長篠
45%
ひだ 飛騨金山
45%
南紀 紀伊長島
45%
らくラクはりま はりま勝原
45%
こうのとり | らくラクやまと 柏原
45%
らくラクやまと 法隆寺
45%
はるか/くろしお 和泉府中
45%
こうのとり 川西池田
45%
こうのとり 西宮名塩
45%
こうのとり 篠山口
45%
こうのとり 谷川
45%
こうのとり/はまかぜ 八鹿
45%
スーパーまつかぜ 西出雲
45%
スーパーまつかぜ 温泉津
45%
しおかぜ/いしづち 川之江
45%
しおかぜ/いしづち 伊予三島
45%
しおかぜ/いしづち 伊予北条
45%
宇和海 伊予大洲
45%
うずしお 勝瑞
45%
しまんと/あしずり 伊野
45%
みどり/ハウステンボス 二日市
45%
ソニック 朽網
45%
ソニック/にちりん 津久見
45%
ゆふ うきは
45%
九州横断特急 豊後竹田
45%
にちりん/ひゅうが 宮崎神宮
45%
すずらん 輪西
41%
しらゆき 柿崎
41%
ときわ 荒川沖
41%
ひたち 大野
41%
(サフィール)踊り子 伊豆熱川
41%
しなの 明科
41%
ひだ 白川口
41%
くろしお 湯浅
41%
くろしお 太地
41%
はまかぜ 岩美
41%
スーパーおき 湯田温泉
41%
しおかぜ/いしづち 壬生川
41%
うずしお 三本松
41%
うずしお 讃岐白鳥
41%
うずしお 板野
41%
しまんと/あしずり 須崎
41%
ソニック/きらめき 福間
41%
ソニック/きらめき 戸畑
41%
みどり/ハウステンボス 吉野ヶ里公園
41%
かいおう 桂川
41%
かいおう 飯塚
41%
かいおう 新飯塚
41%
九州横断特急 宮地
41%
にちりん/ひゅうが 南延岡
41%
にちりん/ひゅうが 都農
41%
きりしま 姶良
41%
すずらん 幌別
36%
オホーツク 生田原
36%
オホーツク 美幌
36%
宗谷/サロベツ 美深
36%
つがる 二ツ井
36%
つがる 浪岡
36%
いなほ 象潟
36%
しらゆき 春日山
36%
しらゆき 見附
36%
ひたち 磯原
36%
しおさい 飯岡
36%
踊り子 伊豆長岡
36%
しなの 上松
36%
ひだ 速星
36%
らくラクはりま 大久保
36%
らくラクはりま 英賀保
36%
らくラクやまと 大和小泉
36%
くろしお 和泉砂川
36%
くろしお 南部
36%
はしだて 与謝野
36%
やくも 根雨
36%
宇和海 卯之町
36%
うずしお 屋島
36%
剣山 石井
36%
しまんと/あしずり 土佐佐賀
36%
ソニック/きらめき 東郷
36%
ソニック 柳ヶ浦
36%
ソニック 亀川
36%
ソニック/にちりん 鶴崎
36%
ゆふ 久留米大学前
36%
ゆふ/ゆふいんの森 豊後森
36%
きりしま 西都城
36%
オホーツク 丸瀬布
32%
いなほ 中条
32%
わかしお 上総興津
32%
踊り子 大仁
32%
ふじかわ 東花輪
32%
伊那路 湯谷温泉
32%
伊那路 水窪
32%
南紀 三瀬谷
32%
くろしお 箕島
32%
くろしお 古座
32%
きのさき 日吉
32%
はしだて 大江
32%
はまかぜ 竹田
32%
スーパーまつかぜ 波子
32%
スーパーまつかぜ 三保三隅
32%
やくも 生山
32%
スーパーおき 日原
32%
しおかぜ/いしづち 詫間
32%
しおかぜ/いしづち 高瀬
32%
うずしお 引田
32%
しまんと/あしずり 佐川
32%
しまんと/あしずり 平田
32%
ソニック 宇島
32%
ゆふ 筑後吉井
32%
九州横断特急 三重町
32%
にちりん/ひゅうが 佐土原
32%
らくラクはりま 手柄山平和公園
32%
すずらん 御崎
27%
つがる 森岳
27%
いなほ 府屋
27%
あずさ 豊科
27%
踊り子 三島田町
27%
ふじかわ 下部温泉
27%
ひだ 久々野
27%
くろしお 藤並
27%
こうのとり 中山寺
27%
はしだて 夕日ヶ浦木津温泉
27%
はしだて 久美浜
27%
はまかぜ 福崎
27%
はまかぜ 生野
27%
スーパーおき 徳佐
27%
宇和海 伊予吉田
27%
剣山 鴨島
27%
剣山 阿波川島
27%
剣山 穴吹
27%
剣山 貞光
27%
南風/しまんと 大杉
27%
しまんと/あしずり 朝倉
27%
ソニック 下曽根
27%
にちりん/ひゅうが 門川
27%
きりしま 清武
27%
きりしま 三股
27%
きりしま 加治木
27%
富士回遊 下吉田
23%
伊那路 平岡
23%
ひだ 飛騨萩原
23%
こうのとり 相野
23%
こうのとり 黒井
23%
こうのとり/はまかぜ 江原
23%
はまかぜ 寺前
23%
宇和海 伊予中山
23%
剣山 阿波加茂
23%
しまんと/あしずり 土佐久礼
23%
しまんと/あしずり 土佐上川口
23%
しまんと/あしずり 土佐入野
23%
ソニック/にちりん 大在
23%
ソニック/にちりん 幸崎
23%
ゆふ/ゆふいんの森 天ヶ瀬
23%
九州横断特急 豊後荻
23%
きりしま 田野
23%
きりしま 帖佐
23%
ふじかわ 内船
18%
ひだ 飛騨小坂
18%
能登かがり火 良川
18%
はしだて 京丹後大宮
18%
はしだて 網野
18%
はまかぜ 竹野
18%
スーパーまつかぜ 仁万
18%
剣山 蔵本
18%
剣山 阿波山川
18%
あしずり 多ノ郷
18%
ゆふ 田主丸
18%
ゆふ 豊後中村
18%
ゆふ 向之原
18%
きりしま 重富
18%
踊り子 大場
14%
ふじかわ 甲斐岩間
14%
伊那路 温田
14%
はしだて 峰山
14%
うずしお 讃岐津田
14%
ゆふ 湯平
14%
きりしま 山之口
14%
スーパーおき 三谷
9%
九州横断特急 緒方
9%
No matching quizzes found
Score Distribution
Percent of People with Each Score
Percentile by Number Answered
Your Score History
You have not taken this quiz since the last reset